000 00722nam a22002297a 4500
003 UA-OsUOA
001 61039
007 ta
008 20090615b un ||||| |||| 00| 0 ukr d
100 _aШевцов А.І.
700 _aМерніков Г.І.
090 _a330(477)
_bШ37
942 _cSA
040 _aUA-OsUOA
_bukr
_cUA-OsUOA
_dUA-OsUOA
245 _aАктуальні проблеми економіки України в контексті світової фінансової кризи
300 _aС.80-86
955 _a0
041 _aukr
080 _a330(477)
773 0 _w61038
_tСтратегічні пріоритети
_dК.
_d2009
_g1
650 7 _a330 Економіка взагалі
_2UDC
999 _c347429
_d347429